[Event "Barcelona Sant Marti op-B 25th"]
[Site "Barcelona"]
[Date "2025.07.18"]
[Round "6"]
[White "Berrozpe Gonzalez, Marc"]
[Black "Asokumar, Advaith"]
[Result "0-1"]
[WhiteElo "1925"]
[BlackElo "1838"]
[PlyCount "102"]
[EventDate "2025.07.13"]
[EventType "swiss"]
[EventRounds "9"]
[EventCountry "ESP"]
[SourceTitle "CB30_2025"]
[SourceDate "2025.07.23"]
[SourceVersion "1"]
[SourceVersionDate "2025.07.23"]
[SourceQuality "1"]

1. e4 c6 2. d4 d5 3. e5 Bf5 4. h4 h5 5. Bd3 Bxd3 6. Qxd3 e6 7. Bg5 Qb6 8. Nd2 c5 9. c4 Qxb2 10. Rd1 Nc6 11. Ngf3 Nb4 12. Qb3 Qxb3 13. Nxb3 dxc4 14. Na5 f6 15. Be3 Nd3+ 16. Ke2 b5 17. Rb1 a6 18. dxc5 Ne7 19. a4 Nd5 20. Kd2 Nxe3 21. fxe3 Nxc5 22. axb5 axb5 23. Rxb5 Rxa5 24. Rxa5 Nb3+ 25. Kc3 Nxa5 26. Ra1 Nc6 27. Kxc4 Nxe5+ 28. Nxe5 fxe5 29. Ra5 Be7 30. Ra8+ Bd8 31. Kd3 0-0 32. Ke4 Bxh4 33. Ra6 Rf6 34. Kxe5 Bg3+ 35. Ke4 e5 36. Ra1 Rf2 37. Ra8+ Kh7 38. Ra1 h4 39. Rg1 Bh2 40. Rh1 Rxg2 41. Kf3 h3 42. e4 Kg6 43. Ke3 Bf4+ 44. Kf3 Rg3+ 45. Kf2 Ra3 46. Rg1+ Bg3+ 47. Ke2 h2 48. Rh1 Kg5 49. Rf1 Kg4 50. Rf7 h1Q 51. Rxg7+ Kf4 0-1

[Event "Barcelona Sant Marti op-B 25th"]
[Site "Barcelona"]
[Date "2025.07.17"]
[Round "5"]
[White "Gomez Montanes, Eloi"]
[Black "Berrozpe Gonzalez, Marc"]
[Result "0-1"]
[WhiteElo "1849"]
[BlackElo "1925"]
[PlyCount "56"]
[EventDate "2025.07.13"]
[EventType "swiss"]
[EventRounds "9"]
[EventCountry "ESP"]
[SourceTitle "CB30_2025"]
[SourceDate "2025.07.23"]
[SourceVersion "1"]
[SourceVersionDate "2025.07.23"]
[SourceQuality "1"]

1. e4 c5 2. d4 cxd4 3. c3 Nf6 4. e5 Nd5 5. Nf3 e6 6. cxd4 d6 7. Be2 Bd7 8. Nc3 Bc6 9. Bd2 Nd7 10. 0-0 Be7 11. a3 0-0 12. Bd3 Rc8 13. Ne4 dxe5 14. dxe5 Qc7 15. Re1 h6 16. Ng3 Rfd8 17. Qc1 Qb8 18. Qc4 Nc5 19. Bb1 Nb6 20. Qc2 Nd3 21. Bc3 Ba4 22. b3 Bb5 23. Re3 g6 24. Ne4 Nd5 25. Rxd3 Bxd3 26. Qxd3 Nxc3 27. Qxc3 Rxc3 28. Nxc3 Qc7 0-1

[Event "Barcelona Sant Marti op-B 25th"]
[Site "Barcelona"]
[Date "2025.07.16"]
[Round "4"]
[White "Berrozpe Gonzalez, Marc"]
[Black "Gurubaran, Raghuraman"]
[Result "1/2-1/2"]
[WhiteElo "1925"]
[BlackElo "1765"]
[PlyCount "50"]
[EventDate "2025.07.13"]
[EventType "swiss"]
[EventRounds "9"]
[EventCountry "ESP"]
[SourceTitle "CB30_2025"]
[SourceDate "2025.07.23"]
[SourceVersion "1"]
[SourceVersionDate "2025.07.23"]
[SourceQuality "1"]

1. e4 c5 2. Nf3 d6 3. d4 cxd4 4. Nxd4 Nf6 5. Nc3 a6 6. h3 e5 7. Nf3 Be7 8. g4 h6 9. g5 hxg5 10. Nxg5 Be6 11. Nxe6 fxe6 12. Bc4 Qc8 13. Bb3 Nc6 14. a4 Nd4 15. Be3 Nxb3 16. cxb3 d5 17. exd5 exd5 18. Nxd5 Qc6 19. Nxf6+ gxf6 20. Ke2 Rd8 21. Qc1 Qe4 22. Qc4 Rd4 23. Qc8+ Rd8 24. Qc4 Rd4 25. Qc8+ Rd8 1/2-1/2

[Event "ESP-ch U12"]
[Site "Salobrena"]
[Date "2024.07.12"]
[Round "7"]
[White "Sanchez Gonzalez, Diego"]
[Black "Berrozpe Gonzalez, Marc"]
[Result "1-0"]
[WhiteElo "1905"]
[BlackElo "1829"]
[PlyCount "41"]
[EventDate "2024.07.08"]
[EventType "swiss"]
[EventRounds "9"]
[EventCountry "ESP"]
[SourceTitle "EXT 2025"]
[Source "ChessBase"]
[SourceDate "2024.10.14"]
[SourceVersion "1"]
[SourceVersionDate "2024.10.14"]
[SourceQuality "1"]

1. e4 e5 2. Nc3 Nf6 3. d4 exd4 4. Qxd4 Nc6 5. Qd3 Bb4 6. Bf4 d6 7. Nge2 0-0 8. 0-0-0 Re8 9. f3 Qe7 10. g4 Ne5 11. Bxe5 Qxe5 12. Bg2 c6 13. f4 Qc5 14. h3 Bxg4 15. hxg4 Nxg4 16. Qh3 Nf2 17. Qxh7+ Kf8 18. Nd4 Bxc3 19. Nf5 Bxb2+ 20. Kb1 g6 21. Qh8+ 1-0

[Event "ESP-ch U12"]
[Site "Salobrena"]
[Date "2024.07.10"]
[Round "5"]
[White "Alfaro Aldunate, Amaya"]
[Black "Berrozpe Gonzalez, Marc"]
[Result "0-1"]
[WhiteElo "1701"]
[BlackElo "1829"]
[PlyCount "74"]
[EventDate "2024.07.08"]
[EventType "swiss"]
[EventRounds "9"]
[EventCountry "ESP"]
[SourceTitle "EXT 2025"]
[Source "ChessBase"]
[SourceDate "2024.10.14"]
[SourceVersion "1"]
[SourceVersionDate "2024.10.14"]
[SourceQuality "1"]

1. e4 e5 2. Nf3 Nc6 3. Bb5 a6 4. Ba4 Nf6 5. d3 b5 6. Bb3 Be7 7. c3 0-0 8. 0-0 d6 9. Nbd2 Na5 10. Bc2 c5 11. h3 Qc7 12. Re1 Re8 13. Nf1 Nc6 14. Ng3 g6 15. Bg5 Bb7 16. Qd2 a5 17. Rad1 Rad8 18. a4 b4 19. Bb1 d5 20. Qc2 d4 21. c4 Nd7 22. Bd2 Nf8 23. b3 Bc8 24. Qc1 Ne6 25. Ne2 Ng7 26. Nh2 f5 27. f4 fxe4 28. dxe4 d3 29. Ng3 Bh4 30. Nhf1 Rf8 31. fxe5 Qxe5 32. Re3 Nd4 33. Rxd3 Bxg3 34. Nxg3 Qxg3 35. Rxg3 Ne2+ 36. Kh2 Nxc1 37. Re3 Rd4 0-1

[Event "ESP-ch U12"]
[Site "Salobrena"]
[Date "2024.07.08"]
[Round "2"]
[White "Berrozpe Gonzalez, Marc"]
[Black "Amat Davins, Biel"]
[Result "1-0"]
[WhiteElo "1829"]
[BlackElo "1657"]
[PlyCount "239"]
[EventDate "2024.07.08"]
[EventType "swiss"]
[EventRounds "9"]
[EventCountry "ESP"]
[SourceTitle "EXT 2025"]
[Source "ChessBase"]
[SourceDate "2024.10.14"]
[SourceVersion "1"]
[SourceVersionDate "2024.10.14"]
[SourceQuality "1"]

1. e4 c5 2. Nf3 Nc6 3. Bb5 g6 4. Bxc6 bxc6 5. 0-0 Bg7 6. Re1 Rb8 7. c3 Nh6 8. Qc2 Qb6 9. d3 0-0 10. Na3 Ba6 11. Rb1 Rfe8 12. Bf4 Rbc8 13. h3 d5 14. Qd2 Rcd8 15. Qe3 dxe4 16. dxe4 Bd3 17. Rbd1 c4 18. Bxh6 Qxb2 19. Bxg7 Kxg7 20. Qxa7 e5 21. Ng5 Rf8 22. Ne6+ Kg8 23. Nxf8 Rxf8 24. Qc5 Qxa2 25. Ra1 Qb3 26. Qxe5 Ra8 27. Nxc4 Rd8 28. Nd6 Qb8 29. Red1 Qxd6 30. Qxd6 Rxd6 31. Ra8+ Kg7 32. Ra2 c5 33. Rad2 c4 34. Rxd3 cxd3 35. f3 Kf6 36. Kf2 Ke5 37. Ke3 Ra6 38. Rxd3 Ra2 39. Rd2 Ra3 40. f4+ Ke6 41. Kd4 Ra4+ 42. c4 Ra8 43. Kc5 Rc8+ 44. Kb4 Rb8+ 45. Kc3 Rc8 46. Rd5 Ra8 47. c5 Ra1 48. Kb4 Rb1+ 49. Kc3 Rc1+ 50. Kd2 Rc4 51. Kd3 Rc1 52. Ke3 Rc3+ 53. Kf2 Rc2+ 54. Kf3 Rc3+ 55. Kg4 h6 56. Kh4 Rc4 57. Re5+ Kd7 58. g4 Rc3 59. Rd5+ Ke6 60. Rd6+ Ke7 61. Rd5 Ke6 62. Rd8 Rxc5 63. Rh8 Rc4 64. Rxh6 Rxe4 65. Kg5 Ke7 66. f5 gxf5 67. Kxf5 Ra4 68. g5 Ra5+ 69. Kg4 Ra4+ 70. Kh5 Ra5 71. Rf6 Ra8 72. Rh6 Ra5 73. h4 Rb5 74. Ra6 Rb8 75. Ra4 Rh8+ 76. Kg4 Rb8 77. Re4+ Kf8 78. Kf5 Kg7 79. h5 Rb5+ 80. Re5 Rb6 81. h6+ Kh7 82. Re7 Kg8 83. Re8+ Kh7 84. Rf8 Rb5+ 85. Kf6 Rb6+ 86. Kxf7 Rb7+ 87. Kf6 Rb6+ 88. Kf5 Rb5+ 89. Kg4 Kg6 90. Rf6+ Kh7 91. Kh5 Kg8 92. Kg6 Rb8 93. Ra6 Rc8 94. Ra7 Rc6+ 95. Kh5 Rc8 96. Re7 Rb8 97. Re6 Rc8 98. Rf6 Rd8 99. Kg4 Rd4+ 100. Kf5 Rd5+ 101. Kf4 Rd4+ 102. Ke5 Ra4 103. Rf4 Ra5+ 104. Kf6 Ra6+ 105. Kf5 Ra5+ 106. Kg4 Ra1 107. Kh5 Ra6 108. Rg4 Ra5 109. Kh4 Ra1 110. g6 Rh1+ 111. Kg5 Ra1 112. g7 Ra5+ 113. Kh4 Ra8 114. Rf4 Rb8 115. Kg5 Rb5+ 116. Rf5 Rb8 117. Kg6 Rb6+ 118. Rf6 Rxf6+ 119. Kxf6 Kh7 120. Kf7 1-0

[Event "Foment Martinenc op-A 24th"]
[Site "Barcelona"]
[Date "2024.05.04"]
[Round "3"]
[White "Berrozpe Gonzalez, Marc"]
[Black "Riu Lopez, Sergio"]
[Result "0-1"]
[WhiteElo "1786"]
[BlackElo "1965"]
[PlyCount "60"]
[EventDate "2024.04.20"]
[EventType "swiss"]
[EventRounds "9"]
[EventCountry "ESP"]
[SourceTitle "CBM 220 Extra"]
[Source "ChessBase"]
[SourceDate "2024.07.31"]
[SourceVersion "1"]
[SourceVersionDate "2024.07.31"]
[SourceQuality "1"]

1. e4 c5 2. Nf3 Nc6 3. Bb5 g6 4. Bxc6 bxc6 5. 0-0 Bg7 6. Re1 e5 7. d3 d6 8. a4 Ne7 9. Nbd2 0-0 10. c3 Rb8 11. Qc2 f5 12. Nc4 f4 13. b4 cxb4 14. cxb4 Bg4 15. h3 Bxf3 16. gxf3 d5 17. Nd2 Qd7 18. Qc5 Rbe8 19. Kh2 Nf5 20. exf5 Rxf5 21. Rh1 e4 22. d4 e3 23. Nb3 exf2 24. Qc2 Rh5 25. Kg2 Re1 26. Bxf4 f1Q+ 27. Rxf1 Qxh3+ 28. Kf2 Qxf1+ 29. Kg3 Rh3+ 30. Kg4 Qxf3+ 0-1

[Event "ESP-ch Catalunya U12"]
[Site "Cambrils"]
[Date "2024.03.27"]
[Round "8"]
[White "Berrozpe Gonzalez, Marc"]
[Black "Tallada Serret, Gerard"]
[Result "0-1"]
[WhiteElo "1743"]
[BlackElo "2085"]
[PlyCount "66"]
[EventDate "2024.03.23"]
[EventType "swiss"]
[EventRounds "9"]
[EventCountry "ESP"]
[SourceTitle "EXT 2025"]
[Source "ChessBase"]
[SourceDate "2024.10.14"]
[SourceVersion "1"]
[SourceVersionDate "2024.10.14"]
[SourceQuality "1"]

1. e4 c5 2. Nf3 Nc6 3. Bb5 g6 4. Bxc6 dxc6 5. d3 Bg7 6. h3 Nf6 7. Nc3 Nd7 8. Be3 e5 9. Qd2 h6 10. 0-0 b6 11. Nh2 g5 12. Ne2 Nf8 13. Ng3 Ng6 14. c3 0-0 15. Rad1 Be6 16. Ra1 Qe7 17. Rfd1 Rfd8 18. Qc2 Rd6 19. Nf5 Bxf5 20. exf5 Nh4 21. g4 Rad8 22. Rd2 Qd7 23. Rad1 Rf6 24. c4 Rd6 25. f3 Qc7 26. a3 R6d7 27. Rf2 e4 28. fxe4 Qg3+ 29. Kf1 Qxe3 30. Qa4 Rxd3 31. Re1 Qxh3+ 32. Kg1 Bd4 33. Qc2 Qg2# 0-1

[Event "Barcelona Sant Marti op-B 22nd"]
[Site "Barcelona"]
[Date "2022.07.13"]
[Round "1"]
[White "Berrozpe Gonzalez, Marc"]
[Black "Delgado Camara, Lluis Felix"]
[Result "1/2-1/2"]
[WhiteElo "1369"]
[BlackElo "1733"]
[PlyCount "80"]
[EventDate "2022.07.13"]
[EventType "swiss"]
[EventRounds "9"]
[EventCountry "ESP"]
[SourceTitle "CBM 210 Extra"]
[Source "ChessBase"]
[SourceDate "2022.11.30"]
[SourceVersion "1"]
[SourceVersionDate "2022.11.30"]
[SourceQuality "1"]

1. e4 e6 2. d4 d5 3. e5 c5 4. c3 Nc6 5. Nf3 Qb6 6. Bd3 cxd4 7. 0-0 Bd7 8. Re1 Rc8 9. Qe2 a6 10. a3 Na5 11. Bc2 Bb5 12. Qd1 d3 13. Bxd3 Bxd3 14. Qxd3 Nb3 15. Ra2 Nxc1 16. Rxc1 Bc5 17. Qe2 Qb3 18. Ra1 Ne7 19. Qc2 Qxc2 20. Rxc2 0-0 21. Nbd2 b5 22. Nb3 Bb6 23. Rac1 Ng6 24. Nbd4 Nf4 25. g3 Nd3 26. Rd1 Nc5 27. Re1 Rc7 28. Rec1 Rfc8 29. Ne1 Na4 30. Ne2 Kf8 31. Nf4 Ke7 32. Nfd3 f6 33. Kf1 fxe5 34. Nxe5 Nc5 35. Ke2 Nb3 36. Rd1 Nd4+ 37. cxd4 Rxc2+ 38. Nxc2 Rxc2+ 39. Rd2 Rxd2+ 40. Kxd2 Kd6 1/2-1/2

[Event "Foment Martinenc op-C 22nd"]
[Site "Barcelona"]
[Date "2022.06.18"]
[Round "9"]
[White "Berbel Gutierrez, Jose Guillermo"]
[Black "Berrozpe Gonzalez, Marc"]
[Result "1-0"]
[WhiteElo "1791"]
[BlackElo "1495"]
[PlyCount "53"]
[EventDate "2022.04.23"]
[EventType "swiss"]
[EventRounds "9"]
[EventCountry "ESP"]
[SourceTitle "EXT 2023"]
[Source "ChessBase"]
[SourceDate "2022.10.05"]
[SourceVersion "1"]
[SourceVersionDate "2022.10.05"]
[SourceQuality "1"]

1. d4 d5 2. Bf4 Nf6 3. e3 e6 4. Nf3 Bd6 5. Ne5 0-0 6. Bd3 c5 7. c3 Qc7 8. Bg3 Nbd7 9. f4 b6 10. Nd2 Bb7 11. Qf3 Rfe8 12. 0-0 Rac8 13. Rfe1 c4 14. Bc2 b5 15. e4 a6 16. Nxd7 Nxd7 17. e5 Be7 18. f5 Qb6 19. Rf1 f6 20. Qh5 h6 21. Rf4 fxe5 22. Rg4 Nf6 23. Rxg7+ Kxg7 24. Qg6+ Kh8 25. Qxh6+ Nh7 26. Bxe5+ Kg8 27. Qg7# 1-0